00476 2200193 4500001002100000005001500021008004100036020002200077035001900099041000700118082000800125090001400133100002400147245002700171260003100198300003100229500000600260650001600266INLIS00000000000499620241224113022241224||||||||| | ||| |||| || |  a978-602-1606-29-2 0010-1224004996 aen0 a813 a813 ARI f0 aArini Shafia Afkari00aFriendship and Rainbow aJakartabNoura Booksc2013 avi, 122 hlm.; ilus.: 21 cm a1 0aCerita Anak